| 000 | 00452ntaaa2200181 4500 | ||
|---|---|---|---|
| 003 | 01 | ||
| 005 | 20251027201545.0 | ||
| 008 | 0714s1973 ag 01 | ||
| 040 |
_aAR-BaBN _bspa _cAR-BaBN _eaacr _dRIC |
||
| 082 | _a230.0000 An8 | ||
| 245 | _aAnthology | ||
| 250 | _a1 ed. | ||
| 260 |
_as.l., _cn.f. |
||
| 300 | _a55 p. | ||
| 500 | _aCompendio de temas varios para uso de la clase de inglés (preparados a máquina) | ||
| 650 | _aTeología | ||
| 942 | _cBK | ||
| 999 |
_c10208 _d10208 |
||